[Event "Baden-ch AT2"]
[Site "Oberwinden"]
[Date "2007.04.07"]
[Round "1"]
[White "Baumann, Peter"]
[Black "Gutjahr, Wolfgang"]
[Result "1-0"]
[WhiteElo "1559"]
[BlackElo "846"]
[PlyCount "49"]
[EventDate "2007.04.07"]
[EventType "swiss"]
[EventRounds "9"]
[EventCountry "GER"]
[SourceTitle "CBM 117 Extra"]
[Source "ChessBase"]
[SourceDate "2007.05.09"]
[SourceVersion "1"]
[SourceVersionDate "2007.05.09"]
[SourceQuality "1"]

1. d4 d5 2. c4 c5 3. dxc5 dxc4 4. Qxd8+ Kxd8 5. e4 e5 6. Bxc4 Bxc5 7. Bxf7 Ke7 8. Bd5 h6 9. Nf3 Nd7 10. Nc3 a6 11. Nh4 Nf8 12. 0-0 Rb8 13. Nf5+ Kf6 14. Be3 b6 15. Ng3 g6 16. Na4 Nd7 17. Nxc5 bxc5 18. f4 Kg7 19. fxe5 Nxe5 20. Bf4 Kf6 21. Bxh6+ Ke7 22. Bg7 Rh5 23. Nxh5 gxh5 24. Bxe5 Rxb2 25. Bxb2 1-0